000 006610000a22002170004500
003 LK-CoMWRAF
005 20230921153817.0
008 230817t1998 ||||| |||| 00| 0 eng d
020 _a0195778049
040 _aLK-CoMWRAF
_dLK-CoMWRAF
_eLK-CoMWRAF
041 _aeng
082 _a305.409
_bIKR
100 _aIkramullah, Shaista Suhrawardy
245 _aFrom Purdah to parliament
250 _aRevised ed.
260 _aKarachi:
_bOxford University Press,
_c1998
300 _axv, 255 p., [16] p. of plates : ill., ports. ; 23 cm.
_bGlossary included
650 _aWOMEN-Pakistan -- Social conditions
650 _aMuslim women -- Biography
942 _cBK
999 _c362
_d362